Obálka Náhled e-knihy:
Epub
Pro půjčování e-knih musíte být přihlášeni.
Jak si půjčit online?

Vieš, že ťa potrebujem? /

Láska nemá žiadne pravidlá. Eden už svojho nevlastného brata Tylera nevidela skoro rok. Hoci svoj tajný vzťah zo strachu z okolia ukončili, nemôže naňho zabudnúť. Takže keď ju pozve, aby s ním strávila leto v New Yorku, neváha ani na chvíľu. Lenže za dva roky sa všeličo zmenilo. Ona chodí s Tylerový...

Celý popis

Uloženo v:
Série:DIMILY (SK), část 2
Hlavní autor: Maskame, Estelle (Autor)
Médium: E-kniha
Jazyk:Czech
Vydáno: Praha : Albatros Media Slovakia s.r.o., 2019
Příbuzné jednotky:Z cyklu:: DIMILY (SK)
Tagy:
Žádné tagy
LEADER 01986nam a22002417i 4500
001 314018
007 ta
008 260703s2019 xr ||||| |||| 00| 0 cze d
020 |a 9788056612699 
044 |a xr 
100 1 |a  Maskame, Estelle  |4 aut 
245 1 0 |a Vieš, že ťa potrebujem? /  |c  Maskame, Estelle 
240 1 0 |a Did I mention I Need You?  
264 1 |a Praha :  |b Albatros Media Slovakia s.r.o.,  |c 2019 
300 |a 1 online zdroj (328 stran) 
336 |a text  |b txt  |2 rdacontent 
337 |a bez média  |b n  |2 rdamedia 
338 |a online zdroj  |b cr  |2 rdacarrier 
520 2 |a Láska nemá žiadne pravidlá. Eden už svojho nevlastného brata Tylera nevidela skoro rok. Hoci svoj tajný vzťah zo strachu z okolia ukončili, nemôže naňho zabudnúť. Takže keď ju pozve, aby s ním strávila leto v New Yorku, neváha ani na chvíľu. Lenže za dva roky sa všeličo zmenilo. Ona chodí s Tylerovým najlepším priateľom Deanom a aj Tyler sa posunul ďalej. Ako dopadne ich stretnutie v slnkom rozpálenom New Yorku, v meste, ktoré nikdy nespí? Odolajú pokušeniu alebo sa dajú uniesť svojimi citmi? A je ich láska dosť silná, aby ustála skúšku, ktorá nebude jednoduchá? * DIMILY je skratka vytvorená zo začiatočných písmen názvu prvého dielu trilógie Did I Mention I Love You? Druhý diel bestsellerovej série, ktorá sa v Británii zaradila do rebríčka piatich najlepších young adult kníh všetkých čias. Autorka Estelle Maskame má obrovskú fanúšikovskú základňu a jej séria sa stala svetovým fenoménom. 
787 0 8 |g 2  |i Z cyklu:  |t DIMILY (SK) 
910 |a RBIT002 
998 |d 201541  |a https://core.palmknihy.cz/api/books/201541/cover?thkjdh  |b https://core.palmknihy.cz/api/books/201541/cover/400?thkjdh  |c https://core.palmknihy.cz/api/books/201541/cover/50?thkjdh  |e 2029-12-31  |g 328  |i 9788056612699  |j https://core.palmknihy.cz/api/books/201541/preview.epub  |l   |q 49  |r 1  |s https://www.palmknihy.cz/kniha/201541  |t ebook  |y 2019  |z 1  |v DIMILY (SK)  |w 2 
999 |d 314016